00675 2200289 4500001002100000005001500021035002000036007000300056008004100059020002200100082001000122084001700132100001500149245004100164250001400205260003200219300002600251990001000277990001000287990001000297990001300307990001300320990001300333990001300346990001300359990001300372INLIS00000000000696220251216094816 a0010-0321000011ta251216 g 0 ind  a978-602-61357-3-5 a571.3 a571.3 ARD m0 aARDIAN PGS1 aMENGENAL ANATOMI HEWAN /cARDIAN PGS aCetakan I aBandung :bKUBU BUKU,c2020 a119 Hal ;c22 x 30 cm a01305 a01306 a01307 a022.5987 a022.5988 a022.5989 a022.6516 a022.6515 a022.6514